Method of testing raw rubber and unvulcanized compounded rubber. Part 9. Chemical analysis of butadiene rubber. (Record no. 73023)

MARC details
000 -LEADER
fixed length control field 00465nam a2200145Ia 4500
245 #0 - TITLE STATEMENT
Title Method of testing raw rubber and unvulcanized compounded rubber. Part 9. Chemical analysis of butadiene rubber.
260 ## - PUBLICATION, DISTRIBUTION, ETC. (IMPRINT)
Year of publication 1973
500 ## - GENERAL NOTE
General note Standard number: BS 1673 Part 9
650 ## - SUBJECT ADDED ENTRY--TOPICAL TERM
Topical Term Butadiene rubber
650 ## - SUBJECT ADDED ENTRY--TOPICAL TERM
Topical Term Chemical analysis
650 ## - SUBJECT ADDED ENTRY--TOPICAL TERM
Topical Term Raw rubber
650 ## - SUBJECT ADDED ENTRY--TOPICAL TERM
Topical Term Unvulcanised compounded rubber
942 ## - ADDED ENTRY ELEMENTS (KOHA)
Koha item type Standards
Holdings
Withdrawn status Lost status Damaged status Not for loan Collection code Home library Current library Date acquired Koha item type
      Standards British standards RRII Library RRII Library 31/12/2021 Standards